00637nam a2200193Ia 4500008004100000082001300041100002000054245003500074250000800109260002800117300001200145500002400157650001200181700001800193942000700211952010400218952010400322999001700426230524s9999 xx 000 0 und d a4.6bJAI aMahadeo Jaiswal 0aManagement Information Systems a4TH aNEW DELHIbOxfordc2006 aXVI;631 aQuantity Number: 2 aComp-Sc a Monika Mital cBK 00104070aTATCLbTATCLcGENd2023-05-24l0o004.6 JAIp37484r2023-05-24w2023-05-24yBKzMBA305A 00104070aTATCLbTATCLcGENd2023-05-24l0o004.6 JAIp37485r2023-05-24w2023-05-24yBKzMBA305A c46562d46562